00364nam a2200145Ia 4500008004100000020001500041041001200056082001600068100002000084245004200104250000800146260004000154300000800194650001600202221030s9999 xx 000 0 und d a8178087855 aEnglish a105.23bTan aA. S. Tanenbaum 0aComptuer Networkscby A. S. Tanenbaum a4th bPearson EducationaNew Delhic2004 a891 aBE Computer